000 01030cam a2200205 4500
001 J122771
008 030625n2003 000 0 eng u
035 _a(Sirsi) u122771
050 _a338.276
_c18
110 _aUnited Kingdom
_bOffice of the Deputy Prime Minister
245 _aNational and regional guidelines for aggregates provision in England 2001-2016
260 _aLondon
_bODPM
_c2003
520 _aSets out the revised national and regional guidelines for aggregates provision in England for the period 2001 to 2016 inclusive, indicates how the guidelines should be taken into account in the planning process, and outlines arrangements for future monitoring and review. View at www.dclg.gov.uk/.
650 _aMINERALS PLANNING GUIDANCE NOTE SIX
650 _aAGGREGATES
650 _aMINERALS PLANNING
690 _aMINING AND MINERALS
856 _uhttps://www.communities.gov.uk/publications/planningandbuilding/aggregatesprovisionletter
_vView the guidelines online at www.communities.gov.uk.
942 _n0
999 _c102923
_d102923